000 00657nam a2200241Ia 4500
003 OSt
005 20221005123621.0
006 a|||||r|||| 00| 0
007 ta
008 221004b |||||||| |||| 00| 0 eng d
020 _a8176261181 (hbk)
_c150
024 _a682
037 _b23, 20/03/2009, Mukta Dhara
_cTextual
040 _aCRL
_cCRL
_beng
041 _2eng
_aeng
082 _aO142,3M68M, 157P9.1-.2
100 _aGorki Maxim
245 0 _aMaa
260 _c2009
650 _aRUSSIAN LITERATURE
942 _hO142,3M68M, 157P9.1-.2
_cTEXL
_2cc
999 _c1047936
_d1047936